|
|
|
|
| LEADER |
00000nam0a2200000 4500 |
| 001 |
310405 |
| 005 |
20231102002302.0 |
| 020 |
|
|
|a RU
|b 82-8968
|
| 035 |
|
|
|a (RuTPU)RU\TPU\book\335754
|
| 090 |
|
|
|a 310405
|
| 100 |
|
|
|a 20151125d1981 km y0rusy5003 ca
|
| 101 |
0 |
|
|a rus
|
| 102 |
|
|
|a UA
|
| 105 |
|
|
|a y z 001zy
|
| 200 |
1 |
|
|a Повышение качества и эффективности инженерно-геологическихизысканий при строительстве на глинистых грунтах
|f Г. А. Белявский, А. П. Негода
|g Общество "Знание" Украинской ССР
|
| 210 |
|
|
|a Киев
|c О-во "Знание" УССР
|d 1981
|
| 215 |
|
|
|a 20 с.
|
| 225 |
1 |
|
|a Библиотечка "Инженерная геодезия и добыча полезных ископаемых"
|
| 320 |
|
|
|a Библиогр.: с. 18
|
| 606 |
1 |
|
|a Грунты глинистые
|x Связные
|2 stltpush
|3 (RuTPU)RU\TPU\subj\8810
|
| 610 |
1 |
|
|a инженерно-геологические исследования
|
| 610 |
1 |
|
|a экономическая эффективность
|
| 610 |
1 |
|
|a состав
|
| 610 |
1 |
|
|a свойства
|
| 610 |
1 |
|
|a лёссовые грунты
|
| 610 |
1 |
|
|a илистые грунты
|
| 610 |
1 |
|
|a технические средства
|
| 610 |
1 |
|
|a качество
|
| 610 |
1 |
|
|a строительные работы
|
| 675 |
|
|
|a 624.131.22
|z rus
|v 3
|
| 700 |
|
1 |
|a Белявский
|b Г. А.
|g Георгий Алексеевич
|4 070
|
| 701 |
|
1 |
|a Негода
|b А. П.
|g Алексей Петрович
|4 070
|
| 712 |
0 |
2 |
|a Общество "Знание" Украинской ССР
|2 stltpush
|3 (RuTPU)RU\TPU\col\8781
|9 24581
|
| 801 |
|
0 |
|a RU
|b RuMRKP
|c 19950704
|g psbo
|
| 801 |
|
1 |
|a RU
|b 63413507
|c 20151125
|
| 801 |
|
2 |
|a RU
|b 63413507
|c 20190910
|g RCR
|
| 942 |
|
|
|c BK
|